Statistiken für Die Wichtigsten Asterix Charaktere

Klicken Sie hier um das Quiz zu spielen!

Allgemein

  • Dieses Quiz wurde 262 mal gespielt
  • Das Durchschnittsergebnis liegt bei 8 aus 13

Antwortstatistiken

Antwort% Korrekt
Asterix
100%
Obelix
100%
Idefix
98%
Cäsar
90%
Miraculix
85%
Majestix
58%
Gutemine
52%
Troubadix
50%
Verleihnix
41%
Falbala
32%
Methusalix
32%
Automatix
28%
Frau Methusalix
4%

Verteilung der Resultate

Perzentil nach korrekt beantworteten Fragen

Anzahl Personen mit jedem Resultat

Ihre Resultats-Entwicklung

Sie haben dieses Quiz noch nicht gespielt